[Event "ODJM A 2017"]
[Site "Willingen GER"]
[Date "2017.06.07"]
[Round "6"]
[White "Grunert, Friedrich"]
[Black "Svane, Freja"]
[Result "1-0"]
[Termination "normal"]
[Board "64"]
[WhiteElo "1805"]
[BlackElo "1446"]
[PlyCount "93"]
[WhiteFideId "12995592"]
[BlackFideId "12940100"]
[EventCountry "GER"]
[EventRounds "9"]
[EventType "swiss"]
[EventDate "2017.06.03"]

1. e4 e6 2. d4 d5 3. Nd2 dxe4 4. Nxe4 Bd7 5. Nf3 Bc6 6. Bd3 Nd7 7. O-O Ngf6 8.
Nc3 Be7 9. Bg5 O-O 10. Re1 b6 11. h3 Re8 12. Bf4 Nd5 13. Nxd5 Bxd5 14. c4 Bb7
15. Bc2 Nf6 16. Be5 Bd6 17. Re3 Bxf3 18. Rxf3 Bxe5 19. dxe5 Nd7 20. Rd3 Qg5 21.
Rxd7 Qxe5 22. Qd3 g6 23. Rb1 Rac8 24. b3 Qf6 25. Rd1 Qb2 26. Qf3 Rf8 27. Bb1
Qe5 28. h4 a5 29. h5 Qg7 30. Qh3 Qh6 31. hxg6 Qxh3 32. gxh3 hxg6 33. Be4 c5 34.
R1d6 Rb8 35. Bb7 Kg7 36. Rxb6 Rh8 37. Kg2 Rh4 38. Rxe6 Rd4 39. Ree7 Rf8 40.
Rxd4 cxd4 41. Rd7 Rb8 42. Bc6 Rb6 43. Bb5 Re6 44. Rxd4 Re2 45. c5 Rc2 46. Rc4
Rxc4 47. bxc4 1-0

[Event "ODJM A 2017"]
[Site "Willingen GER"]
[Date "2017.06.07"]
[Round "6"]
[White "Leimbach, Tim Vincent"]
[Black "Erezhep, Assylzhan"]
[Result "1/2-1/2"]
[Termination "normal"]
[Board "65"]
[WhiteElo "1640"]
[BlackElo "1753"]
[PlyCount "50"]
[WhiteFideId "12988600"]
[BlackFideId "13712144"]
[EventCountry "GER"]
[EventRounds "9"]
[EventType "swiss"]
[EventDate "2017.06.03"]

1. Nc3 Nf6 2. e4 d6 3. d3 g6 4. f4 Bg7 5. Nf3 c5 6. Be2 Nc6 7. O-O O-O 8. Qe1
Bd7 9. h3 Nd4 10. Nxd4 cxd4 11. Nd1 e5 12. fxe5 dxe5 13. Bg5 Qb6 14. Qf2 Nh5
15. Bxh5 gxh5 16. b3 Rac8 17. Nb2 Qg6 18. h4 h6 19. Bf6 Bxf6 20. Qxf6 Qxf6 21.
Rxf6 Kg7 22. Rf2 Rc5 23. a4 b6 24. Nc4 f6 25. Raf1 Rcc8 1/2-1/2

[Event "ODJM A 2017"]
[Site "Willingen GER"]
[Date "2017.06.07"]
[Round "6"]
[White "Böhlemann, Christian"]
[Black "Oberhofer, Marie"]
[Result "1/2-1/2"]
[Termination "normal"]
[Board "66"]
[WhiteElo "1565"]
[BlackElo "1599"]
[PlyCount "62"]
[BlackFideId "12938165"]
[EventCountry "GER"]
[EventRounds "9"]
[EventType "swiss"]
[EventDate "2017.06.03"]

1. e4 c5 2. Nf3 d6 3. d4 cxd4 4. Nxd4 Nf6 5. Nc3 g6 6. f3 Bg7 7. Be3 O-O 8. Qd2
Nc6 9. g4 h5 10. gxh5 Nxh5 11. O-O-O a6 12. Be2 Bd7 13. Rdg1 b5 14. Nxc6 Bxc6
15. Bh6 Qb6 16. Bxg7 Kxg7 17. Nd5 Bxd5 18. Qxd5 Qe3+ 19. Qd2 Qxd2+ 20. Kxd2 Rh8
21. Ke3 Rac8 22. c3 Kf6 23. a4 Rb8 24. axb5 axb5 25. f4 Ng7 26. h4 b4 27. c4
Ra8 28. Bf3 Ra2 29. Rg2 Rc8 30. Rc1 Rc5 31. Bg4 e6 1/2-1/2

[Event "ODJM A 2017"]
[Site "Willingen GER"]
[Date "2017.06.07"]
[Round "6"]
[White "Lilienthal, Niels Bennett"]
[Black "Askri, Samir"]
[Result "1/2-1/2"]
[Termination "normal"]
[Board "67"]
[WhiteElo "1567"]
[BlackElo "1796"]
[PlyCount "80"]
[WhiteFideId "16205421"]
[BlackFideId "12924938"]
[EventCountry "GER"]
[EventRounds "9"]
[EventType "swiss"]
[EventDate "2017.06.03"]

1. d4 Nf6 2. Nd2 g6 3. e3 Bg7 4. Bd3 O-O 5. Ngf3 d6 6. O-O Nbd7 7. c3 e5 8. e4
Qe7 9. Re1 Nh5 10. Nf1 Nf4 11. dxe5 dxe5 12. Bxf4 exf4 13. N1d2 Nc5 14. Nb3
Nxd3 15. Qxd3 Rd8 16. Qe2 b6 17. Nfd4 Bb7 18. f3 c5 19. Nc2 Rd6 20. Rad1 Rxd1
21. Rxd1 f5 22. Nd2 Qe6 23. a3 Rd8 24. Kf2 fxe4 25. Nxe4 Rxd1 26. Qxd1 Bxe4 27.
fxe4 Qxe4 28. Qe2 Qxe2+ 29. Kxe2 Kf7 30. Kf3 g5 31. a4 Ke6 32. Ke4 Be5 33. h3
h5 34. Ne1 g4 35. hxg4 hxg4 36. Nd3 Bb8 37. Nxf4+ Kf6 38. c4 Kg5 39. Ne2 Bc7
40. Nc3 Bb8 1/2-1/2

[Event "ODJM A 2017"]
[Site "Willingen GER"]
[Date "2017.06.07"]
[Round "6"]
[White "Hinrichs, Paul"]
[Black "Rupp, Andreas"]
[Result "1-0"]
[Termination "normal"]
[Board "68"]
[WhiteElo "1916"]
[BlackElo "1672"]
[PlyCount "81"]
[WhiteFideId "12942545"]
[BlackFideId "16225503"]
[EventCountry "GER"]
[EventRounds "9"]
[EventType "swiss"]
[EventDate "2017.06.03"]

1. d4 Nf6 2. c4 e5 3. dxe5 Ne4 4. Nf3 Nc6 5. Nbd2 Nxd2 6. Bxd2 d6 7. Bc3 Be6 8.
exd6 Bxd6 9. e3 O-O 10. Be2 Qe7 11. a3 Rfd8 12. Qc2 a5 13. O-O Bg4 14. Rfd1 h6
15. Nd4 Nxd4 16. Bxd4 Qg5 17. Bxg4 Qxg4 18. h3 Qg5 19. Qe4 b6 20. Bc3 Re8 21.
Qf3 Qc5 22. Qd5 Rad8 23. Kf1 c6 24. Qxc5 Bxc5 25. Ke2 f6 26. Rxd8 Rxd8 27. Rd1
Rxd1 28. Kxd1 Kf7 29. Bd4 Bxd4 30. exd4 Ke6 31. Ke2 Kf5 32. Ke3 g6 33. b4 axb4
34. axb4 Ke6 35. h4 h5 36. f3 Kf5 37. g3 g5 38. f4 gxf4+ 39. gxf4 Kg4 40. d5
cxd5 41. cxd5 1-0

[Event "ODJM A 2017"]
[Site "Willingen GER"]
[Date "2017.06.07"]
[Round "6"]
[White "Melde, Benjamin"]
[Black "Kolb, Tobias"]
[Result "1-0"]
[Termination "normal"]
[Board "69"]
[WhiteElo "1781"]
[BlackElo "1656"]
[PlyCount "107"]
[WhiteFideId "12958816"]
[BlackFideId "12992321"]
[EventCountry "GER"]
[EventRounds "9"]
[EventType "swiss"]
[EventDate "2017.06.03"]

1. Nf3 d5 2. g3 Bf5 3. Bg2 Nc6 4. d4 e6 5. O-O Bd6 6. c4 Nf6 7. Nc3 O-O 8. Bg5
Be7 9. Nh4 Bg6 10. Nxg6 hxg6 11. e3 dxc4 12. Qa4 Nd5 13. Bxe7 Ncxe7 14. Qxc4 c6
15. Rfd1 Rc8 16. Rac1 Qc7 17. e4 Nf6 18. Qa4 Qb8 19. Qa3 Rc7 20. Na4 b6 21. h3
Rd8 22. f4 Rcd7 23. Bf3 Qb7 24. Qe3 c5 25. dxc5 Rxd1+ 26. Rxd1 Rxd1+ 27. Bxd1
bxc5 28. Bf3 Qb4 29. b3 Qd4 30. Kf2 Nc6 31. Qxd4 cxd4 32. e5 Nd5 33. Bxd5 exd5
34. Nc5 Kf8 35. Na6 Ke7 36. Ke2 f6 37. exf6+ gxf6 38. Kd3 Kd6 39. a3 Na5 40. b4
Nc4 41. a4 Nb2+ 42. Kxd4 Nxa4 43. b5 f5 44. g4 fxg4 45. hxg4 Nb6 46. Nb4 Kc7
47. Nxd5+ Nxd5 48. Kxd5 Kb6 49. Kc4 Kc7 50. Kc5 Kd7 51. Kd5 Kc7 52. f5 gxf5 53.
gxf5 Kd7 54. f6 1-0

[Event "ODJM A 2017"]
[Site "Willingen GER"]
[Date "2017.06.07"]
[Round "6"]
[White "Fuhrmann, Åke"]
[Black "Wastian, Mareike"]
[Result "1-0"]
[Termination "normal"]
[Board "70"]
[WhiteElo "1793"]
[BlackElo "1711"]
[PlyCount "73"]
[WhiteFideId "12983853"]
[BlackFideId "12947423"]
[EventCountry "GER"]
[EventRounds "9"]
[EventType "swiss"]
[EventDate "2017.06.03"]

1. c4 e6 2. g3 d5 3. Bg2 c5 4. Nf3 Nf6 5. O-O Nc6 6. b3 Be7 7. e3 O-O 8. Bb2 b6
9. d4 Bb7 10. Nc3 dxc4 11. bxc4 Qc7 12. d5 exd5 13. Nxd5 Nxd5 14. cxd5 Nb4 15.
e4 Ba6 16. Be5 Bd6 17. Bxd6 Qxd6 18. Re1 Nd3 19. Re3 Nb2 20. Qc2 Nc4 21. Ree1
Rfe8 22. Bf1 Ne5 23. Nxe5 Bxf1 24. Nxf7 Qg6 25. Kxf1 Qxf7 26. Rad1 Rad8 27. Kg2
g5 28. Qd2 Qf6 29. Re2 Rd6 30. f4 gxf4 31. gxf4 Qg6+ 32. Kh1 Kh8 33. Rg1 Qf7
34. Qb2+ Rf6 35. Rg5 Rg8 36. Reg2 Rxg5 37. fxg5 1-0

[Event "ODJM A 2017"]
[Site "Willingen GER"]
[Date "2017.06.07"]
[Round "6"]
[White "Köllner, Felicitas Ophelia"]
[Black "Jenner, Meikel"]
[Result "0-1"]
[Termination "normal"]
[Board "72"]
[WhiteElo "1698"]
[BlackElo "1464"]
[PlyCount "106"]
[WhiteFideId "16207521"]
[BlackFideId "16245342"]
[EventCountry "GER"]
[EventRounds "9"]
[EventType "swiss"]
[EventDate "2017.06.03"]

1. d4 Nf6 2. Nf3 e6 3. Nbd2 d5 4. e3 c5 5. c3 Nc6 6. Bd3 c4 7. Bc2 Bd7 8. e4
Nxe4 9. Nxe4 dxe4 10. Bxe4 f5 11. Bc2 Bd6 12. a4 a6 13. O-O O-O 14. Re1 Qc7 15.
h3 Rae8 16. Qe2 e5 17. Qxc4+ Kh8 18. Ng5 Re7 19. Bd2 e4 20. h4 h6 21. Nh3 Rfe8
22. b4 b5 23. Qa2 f4 24. axb5 axb5 25. d5 e3 26. dxc6 Bxh3 27. gxh3 exd2 28.
Rxe7 Qxe7 29. Kg2 f3+ 30. Kxf3 Qf6+ 31. Kg2 Qf4 32. Rh1 Rf8 33. Qa7 Qf3+ 34.
Kg1 d1=Q+ 35. Bxd1 Qxd1+ 36. Kg2 Qf3+ 37. Kg1 Bg3 38. Rh2 Bxh2+ 39. Kxh2 Qxf2+
40. Qxf2 Rxf2+ 41. Kg3 Rf6 42. c7 Rc6 43. Kf4 Rxc7 44. Ke5 Rxc3 45. Kd4 Rc4+
46. Kd3 Rxb4 47. Kc3 Rxh4 48. Kb3 Rxh3+ 49. Kb4 g5 50. Kxb5 g4 51. Kc5 g3 52.
Kd4 g2 53. Ke4 g1=Q 0-1

[Event "ODJM A 2017"]
[Site "Willingen GER"]
[Date "2017.06.07"]
[Round "6"]
[White "Zha, Kevin"]
[Black "Wagner, Swenja"]
[Result "0-1"]
[Termination "normal"]
[Board "73"]
[WhiteElo "1591"]
[BlackElo "1779"]
[PlyCount "86"]
[WhiteFideId "16208951"]
[BlackFideId "12900494"]
[EventCountry "GER"]
[EventRounds "9"]
[EventType "swiss"]
[EventDate "2017.06.03"]

1. e4 e5 2. Nf3 Nc6 3. d4 exd4 4. Nxd4 Qh4 5. Nc3 Bb4 6. Qd3 Ne5 7. Qe3 Nf6 8.
Bd3 Nfg4 9. Qe2 O-O 10. Bd2 Bc5 11. g3 Qf6 12. f4 Bxd4 13. Nd5 Qd8 14. fxe5
Nxe5 15. c3 Bb6 16. Bc2 c6 17. Ne3 Re8 18. O-O-O d6 19. Rdf1 Be6 20. Kb1 Bxe3
21. Bxe3 Bc4 22. Qh5 Bxf1 23. Rxf1 Qd7 24. Bb3 Rf8 25. h3 a5 26. a3 c5 27. c4
a4 28. Ba2 Qc6 29. Qf5 Rab8 30. h4 Qd7 31. Qf2 b5 32. Rd1 Qc6 33. Rd5 b4 34.
Ka1 bxa3 35. bxa3 Ng4 36. Qd2 Nxe3 37. Qxe3 Qb6 38. Qc3 f6 39. g4 Rfe8 40. Qc2
Rxe4 41. Rd1 Rxg4 42. Rb1 Qa7 43. Rd1 Qe7 0-1

[Event "ODJM A 2017"]
[Site "Willingen GER"]
[Date "2017.06.07"]
[Round "6"]
[White "Lohrmann, Tabea"]
[Black "Unbehend, Marius"]
[Result "1-0"]
[Termination "normal"]
[Board "74"]
[WhiteElo "1729"]
[BlackElo "1391"]
[PlyCount "153"]
[WhiteFideId "12911941"]
[BlackFideId "16214420"]
[EventCountry "GER"]
[EventRounds "9"]
[EventType "swiss"]
[EventDate "2017.06.03"]

1. e4 e6 2. d4 d5 3. exd5 exd5 4. Nf3 Bg4 5. Be2 Bd6 6. h3 Bxf3 7. Bxf3 Nc6 8.
O-O Nge7 9. Re1 Qd7 10. Bxd5 Bh2+ 11. Kxh2 Qxd5 12. c3 h5 13. Qb3 Qxb3 14. axb3
O-O 15. Bf4 Nd5 16. Bg3 a6 17. Nd2 Rfe8 18. Nf3 f6 19. Rad1 Rxe1 20. Rxe1 Kf7
21. Kg1 Re8 22. Rxe8 Kxe8 23. c4 Ndb4 24. Bxc7 Nd3 25. Kf1 Kd7 26. Bg3 Na5 27.
Nd2 Nc6 28. Ke2 Nc1+ 29. Ke3 Na5 30. f3 Ncxb3 31. Nxb3 Nxc4+ 32. Kd3 Nxb2+ 33.
Kc3 Nd1+ 34. Kd2 Nb2 35. d5 Na4 36. Kd3 b6 37. Nd4 Nc5+ 38. Kc4 g6 39. Be1 Nb7
40. Ne6 Nd6+ 41. Kd4 Nf5+ 42. Ke4 Nd6+ 43. Kd3 g5 44. h4 gxh4 45. Bxh4 Ne8 46.
Nf4 Kd6 47. Kd4 a5 48. Nxh5 f5 49. Ng3 a4 50. Nxf5+ Kd7 51. Be1 a3 52. Kc3 Nf6
53. Ne3 Kd6 54. Kb3 a2 55. Kxa2 Nxd5 56. Nxd5 Kxd5 57. Kb3 Ke5 58. g4 Kf6 59.
f4 Kg6 60. f5+ Kf6 61. Bh4+ Kf7 62. g5 Kg7 63. g6 b5 64. Kb4 Kg8 65. f6 Kf8 66.
Kxb5 Ke8 67. f7+ Kf8 68. Bg5 Kg7 69. Bh6+ Kxh6 70. f8=Q+ Kxg6 71. Qf4 Kh5 72.
Qg3 Kh6 73. Kc6 Kh5 74. Kd6 Kh6 75. Ke6 Kh7 76. Kf7 Kh8 77. Qg7# 1-0

[Event "ODJM A 2017"]
[Site "Willingen GER"]
[Date "2017.06.07"]
[Round "6"]
[White "Seinsoth, Paul"]
[Black "Schneider, Edward"]
[Result "0-1"]
[Termination "normal"]
[Board "75"]
[WhiteElo "1455"]
[BlackElo "1675"]
[PlyCount "62"]
[WhiteFideId "12994634"]
[BlackFideId "16200870"]
[EventCountry "GER"]
[EventRounds "9"]
[EventType "swiss"]
[EventDate "2017.06.03"]

1. c4 c5 2. Nf3 Nf6 3. g3 d5 4. Bg2 Nc6 5. cxd5 Nxd5 6. O-O e5 7. e3 Nc7 8. Nc3
Be7 9. Ne2 O-O 10. d4 f6 11. b3 cxd4 12. exd4 e4 13. Nd2 f5 14. Bb2 Bf6 15. Nc4
Be6 16. Rc1 Bf7 17. Ba1 Re8 18. Ne3 Qd7 19. Qc2 Rac8 20. Rfd1 Nb4 21. Qb1 Nd3
22. Rxd3 exd3 23. Qxd3 Bg6 24. Nf4 Ne6 25. Rxc8 Rxc8 26. Bd5 Bf7 27. Bxe6 Bxe6
28. Bb2 Rd8 29. Nxe6 Qxe6 30. d5 Bxb2 31. Qc2 Qf6 0-1

[Event "ODJM A 2017"]
[Site "Willingen GER"]
[Date "2017.06.07"]
[Round "6"]
[White "Behringer, Tom"]
[Black "Hungeling, David"]
[Result "1-0"]
[Termination "normal"]
[Board "76"]
[WhiteElo "1840"]
[BlackElo "1482"]
[PlyCount "47"]
[WhiteFideId "16203496"]
[BlackFideId "16222440"]
[EventCountry "GER"]
[EventRounds "9"]
[EventType "swiss"]
[EventDate "2017.06.03"]

1. d4 e6 2. e4 d5 3. e5 c5 4. c3 Nc6 5. Nf3 Qb6 6. Bd3 cxd4 7. cxd4 Bd7 8. O-O
Nxd4 9. Nxd4 Qxd4 10. Nc3 Qxe5 11. Re1 Qb8 12. Nxd5 Bd6 13. Qg4 Bxh2+ 14. Kh1
Be5 15. Bf4 exd5 16. Qxg7 f6 17. Qxh8 Kf7 18. Qxh7+ Ke6 19. Bf5+ Kd6 20. Qxd7+
Kc5 21. Rac1+ Kb6 22. Be3+ d4 23. Bxd4+ Bxd4 24. Qxd4+ 1-0

[Event "ODJM A 2017"]
[Site "Willingen GER"]
[Date "2017.06.07"]
[Round "6"]
[White "Khanbekyan, Areg"]
[Black "Stockter, Jasper Enno"]
[Result "0-1"]
[Termination "normal"]
[Board "77"]
[WhiteElo "1647"]
[BlackElo "1559"]
[PlyCount "98"]
[WhiteFideId "12993727"]
[BlackFideId "12957291"]
[EventCountry "GER"]
[EventRounds "9"]
[EventType "swiss"]
[EventDate "2017.06.03"]

1. e4 e6 2. d4 d5 3. Nc3 Nf6 4. e5 Nfd7 5. f4 a6 6. Nf3 c5 7. Be2 Nc6 8. Be3 b5
9. O-O Bb7 10. Kh1 Qb6 11. g4 cxd4 12. Nxd4 Bc5 13. Nxc6 Bxe3 14. Nb4 d4+ 15.
Bf3 dxc3 16. bxc3 Bxf4 17. Nd3 Bxe5 18. Nxe5 Nxe5 19. Bxb7 Qxb7+ 20. Kg1 O-O
21. Qe2 Nc4 22. Rab1 Qb6+ 23. Kh1 Qe3 24. Qxe3 Nxe3 25. Rg1 Rac8 26. Rg3 Rxc3
27. Kg1 Nd5 28. Rxc3 Nxc3 29. Ra1 Rd8 30. a3 Rd1+ 31. Rxd1 Nxd1 32. h3 Ne3 33.
c3 Nc2 34. Kf2 Nxa3 35. Ke2 Nc4 36. Kd1 e5 37. Kc2 e4 38. h4 e3 39. g5 g6 40.
h5 gxh5 41. g6 hxg6 42. Kb3 e2 43. Kb4 e1=Q 44. Kc5 Qxc3 45. Kc6 Qb4 46. Kb7
Qd6 47. Ka8 Qd7 48. Kb8 Nd6 49. Ka8 Qb7# 0-1

[Event "ODJM A 2017"]
[Site "Willingen GER"]
[Date "2017.06.07"]
[Round "6"]
[White "Grozea, Filip"]
[Black "Franz, Franz Theodor"]
[Result "1/2-1/2"]
[Termination "normal"]
[Board "78"]
[WhiteElo "1582"]
[BlackElo "1341"]
[PlyCount "72"]
[WhiteFideId "12958450"]
[BlackFideId "12992674"]
[EventCountry "GER"]
[EventRounds "9"]
[EventType "swiss"]
[EventDate "2017.06.03"]

1. e4 e5 2. Nf3 Nc6 3. d4 exd4 4. Nxd4 Nf6 5. Nc3 Bb4 6. Nxc6 bxc6 7. Bd3 d5 8.
exd5 cxd5 9. O-O O-O 10. Bg5 c6 11. Qf3 Be7 12. Rfe1 Re8 13. h3 Rb8 14. Ne2 h6
15. Be3 c5 16. b3 Bb7 17. Qg3 Kh8 18. Bf4 Nh5 19. Qh2 Nxf4 20. Qxf4 Bf6 21.
Rad1 Kg8 22. Ng3 Qd7 23. Kh2 Bg5 24. Qf5 Qxf5 25. Bxf5 Rbd8 26. Nf1 g6 27. Bg4
a5 28. Bf3 Rxe1 29. Rxe1 Rd7 30. Rd1 Kg7 31. Ne3 Bxe3 32. fxe3 Kf6 33. Kg3 Ke5
34. Kf2 f5 35. c3 Ba6 36. g3 Rd6 1/2-1/2

[Event "ODJM A 2017"]
[Site "Willingen GER"]
[Date "2017.06.07"]
[Round "6"]
[White "Loßin, Charlotte"]
[Black "Werner, Tom"]
[Result "0-1"]
[Termination "normal"]
[Board "79"]
[WhiteElo "1524"]
[BlackElo "1593"]
[PlyCount "98"]
[WhiteFideId "16218345"]
[BlackFideId "16223756"]
[EventCountry "GER"]
[EventRounds "9"]
[EventType "swiss"]
[EventDate "2017.06.03"]

1. d4 d5 2. c4 e6 3. Nc3 Nf6 4. Bg5 Be7 5. e3 O-O 6. Nf3 a6 7. a4 b6 8. cxd5
Nxd5 9. Bxe7 Qxe7 10. Nxd5 exd5 11. Bd3 Be6 12. Qc2 g6 13. O-O c5 14. b3 Rc8
15. dxc5 bxc5 16. Rfc1 Qc7 17. Ng5 Qe7 18. Nxe6 Qxe6 19. Qc3 Nd7 20. Rc2 Ne5
21. Rac1 Rc6 22. Be2 Rac8 23. f4 Nd7 24. Qd2 Re8 25. Kf2 Nf6 26. Bf3 Rec8 27.
Rd1 Ne4+ 28. Bxe4 dxe4 29. Qd5 Qxd5 30. Rxd5 R6c7 31. g4 c4 32. bxc4 Rxc4 33.
Rxc4 Rxc4 34. Rd4 Rxd4 35. exd4 f5 36. g5 Kf7 37. Ke3 Ke6 38. Kd2 Kd5 39. Kc3
a5 40. h3 e3 41. Kd3 e2 42. Kxe2 Kxd4 43. Kf3 Kc4 44. Ke2 Kb4 45. Kd2 Kxa4 46.
Kc3 Kb5 47. Kb3 Kc5 48. Kc3 Kd5 49. Kd3 a4 0-1

[Event "ODJM A 2017"]
[Site "Willingen GER"]
[Date "2017.06.07"]
[Round "6"]
[White "Nimptsch, Nikolas"]
[Black "Silini, Jalel"]
[Result "0-1"]
[Termination "normal"]
[Board "80"]
[WhiteElo "1536"]
[BlackElo "1581"]
[PlyCount "100"]
[WhiteFideId "16245334"]
[BlackFideId "16215397"]
[EventCountry "GER"]
[EventRounds "9"]
[EventType "swiss"]
[EventDate "2017.06.03"]

1. e4 e5 2. Nf3 Nc6 3. Bb5 a6 4. Bxc6 dxc6 5. O-O Bg4 6. d3 Qf6 7. Nbd2 Bc5 8.
c3 O-O-O 9. Qc2 Qd6 10. h3 Be6 11. Rd1 Ne7 12. Nf1 f5 13. Ng5 h6 14. Nxe6 Qxe6
15. Be3 Bxe3 16. Nxe3 f4 17. Nc4 g5 18. Qb3 Qf6 19. Na5 b6 20. Nc4 c5 21. Qc2
Nc6 22. f3 h5 23. Kh2 g4 24. Rg1 Qh4 25. Qe2 Qg3+ 26. Kh1 gxh3 27. b4 cxb4 28.
cxb4 hxg2+ 29. Rxg2 Qh3+ 30. Rh2 Qd7 31. Rd1 b5 32. Na5 Nxb4 33. a4 bxa4 34.
Qb2 Qb5 35. Nc4 Nxd3 36. Qc2 Nf2+ 37. Rxf2 Rxd1+ 38. Qxd1 Qxc4 39. Rc2 Qb3 40.
Qe2 Qe6 41. Qf1 h4 42. Rc4 a3 43. Ra4 a2 44. Rxa6 Qb3 45. Ra8+ Kd7 46. Qh3+ Kd6
47. Ra6+ c6 48. Ra7 Qb1+ 49. Kh2 Qb2+ 50. Qg2 a1=Q 0-1

[Event "ODJM A 2017"]
[Site "Willingen GER"]
[Date "2017.06.08"]
[Round "7"]
[White "Sabirov, Ramil"]
[Black "Reuker, Jari"]
[Result "0-1"]
[Termination "normal"]
[Board "1"]
[WhiteElo "2038"]
[BlackElo "2169"]
[WhiteClock "00:00:00"]
[BlackClock "00:07:39"]
[PlyCount "113"]
[WhiteFideId "12900303"]
[BlackFideId "12909300"]
[EventCountry "GER"]
[EventRounds "9"]
[EventType "swiss"]
[EventDate "2017.06.03"]

1. Nf3 {[%clk 1:30:57]} Nf6 {[%clk 1:30:32]} 2. c4 {[%clk 1:31:22]} e6 {[%clk
1:30:57]} 3. g3 {[%clk 1:31:49]} d5 {[%clk 1:31:21]} 4. b3 {[%clk 1:32:15]} Be7
{[%clk 1:31:32]} 5. Bg2 {[%clk 1:32:40]} O-O {[%clk 1:31:56]} 6. O-O {[%clk
1:33:02]} b6 {[%clk 1:32:16]} 7. Bb2 {[%clk 1:33:26]} Bb7 {[%clk 1:32:41]} 8.
e3 {[%clk 1:33:31]} dxc4 {[%clk 1:32:53]} 9. bxc4 {[%clk 1:33:56]} c5 {[%clk
1:33:19]} 10. Nc3 {[%clk 1:33:01]} Nc6 {[%clk 1:33:30]} 11. Qe2 {[%clk
1:32:03]} Qc7 {[%clk 1:33:34]} 12. Rab1 {[%clk 1:30:18]} a6 {[%clk 1:28:44]}
13. Ba1 {[%clk 1:30:11]} Rab8 {[%clk 1:28:44]} 14. Rfd1 {[%clk 1:29:27]} Rfd8
{[%clk 1:28:59]} 15. Ne1 {[%clk 1:29:08]} Na5 {[%clk 1:27:28]} 16. f4 {[%clk
1:17:57]} Ne8 {[%clk 1:26:19]} 17. d3 {[%clk 1:12:40]} Nd6 {[%clk 1:24:48]} 18.
a4 {[%clk 1:07:31]} Bxg2 {[%clk 1:06:16]} 19. Nxg2 {[%clk 1:07:01]} Nc6 {[%clk
1:03:59]} 20. g4 {[%clk 0:54:36]} Rd7 {[%clk 0:54:35]} 21. Qb2 {[%clk 0:36:09]}
Bf8 {[%clk 0:51:08]} 22. f5 {[%clk 0:35:04]} Nb4 {[%clk 0:34:42]} 23. Nf4
{[%clk 0:33:17]} exf5 {[%clk 0:31:47]} 24. Ncd5 {[%clk 0:25:15]} Qd8 {[%clk
0:30:12]} 25. Qg2 {[%clk 0:20:23]} Qg5 {[%clk 0:27:03]} 26. gxf5 {[%clk
0:13:18]} Qxg2+ {[%clk 0:27:10]} 27. Kxg2 {[%clk 0:13:38]} Nxf5 {[%clk
0:26:31]} 28. Kf3 {[%clk 0:12:57]} Nh4+ {[%clk 0:23:10]} 29. Kf2 {[%clk
0:07:44]} Ng6 {[%clk 0:20:54]} 30. Nxb4 {[%clk 0:06:30]} cxb4 {[%clk 0:20:57]}
31. Nd5 {[%clk 0:06:55]} b5 {[%clk 0:18:16]} 32. a5 {[%clk 0:03:58]} bxc4
{[%clk 0:14:25]} 33. dxc4 {[%clk 0:04:23]} Rdd8 {[%clk 0:04:55]} 34. Bd4 {[%clk
0:04:07]} Rdc8 {[%clk 0:04:34]} 35. Rdc1 {[%clk 0:01:40]} Rc6 {[%clk 0:02:47]}
36. Nb6 {[%clk 0:01:24]} Bd6 {[%clk 0:01:27]} 37. h3 {[%clk 0:01:31]} Be5
{[%clk 0:00:39]} 38. Nd7 {[%clk 0:00:44]} Re8 {[%clk 0:00:55]} 39. Nxe5 {[%clk
0:00:36]} Nxe5 {[%clk 0:01:23]} 40. Bxe5 {[%clk 0:01:00]} Rxe5 {[%clk 0:01:49]}
41. Rxb4 {[%clk 0:00:54]} Kf8 {[%clk 0:21:14]} 42. Rb6 {[%clk 0:27:00]} Rcc5
{[%clk 0:18:53]} 43. Rxa6 {[%clk 0:26:26]} Rxa5 {[%clk 0:19:16]} 44. Rxa5
{[%clk 0:25:19]} Rxa5 {[%clk 0:16:09]} 45. Kf3 {[%clk 0:22:37]} Ke7 {[%clk
0:16:12]} 46. Rd1 {[%clk 0:22:37]} Rh5 {[%clk 0:15:27]} 47. Kg4 {[%clk
0:20:51]} Rc5 {[%clk 0:15:51]} 48. Rd4 {[%clk 0:21:13]} Ke6 {[%clk 0:16:10]}
49. Kg3 {[%clk 0:10:28]} g6 {[%clk 0:13:36]} 50. Kf3 {[%clk 0:09:27]} Rf5+
{[%clk 0:10:08]} 51. Kg2 {[%clk 0:06:31]} Ra5 {[%clk 0:09:50]} 52. Kf3 {[%clk
0:03:38]} Ra1 {[%clk 0:09:54]} 53. Kg3 {[%clk 0:03:13]} Rc1 {[%clk 0:10:02]}
54. Kf4 {[%clk 0:02:30]} h5 {[%clk 0:08:51]} 55. h4 {[%clk 0:00:37]} Rf1+
{[%clk 0:07:36]} 56. Kg3 {[%clk 0:00:47]} Ke5 {[%clk 0:07:39]} 57. Rf4 {[%clk
0:00:00]} 0-1

[Event "ODJM A 2017"]
[Site "Willingen GER"]
[Date "2017.06.08"]
[Round "7"]
[White "Koch, Yannick"]
[Black "Hartmann, Jakob"]
[Result "0-1"]
[Termination "normal"]
[Board "2"]
[WhiteElo "1927"]
[BlackElo "2103"]
[WhiteClock "00:14:01"]
[BlackClock "00:00:55"]
[PlyCount "58"]
[WhiteFideId "24661678"]
[BlackFideId "12918067"]
[EventCountry "GER"]
[EventRounds "9"]
[EventType "swiss"]
[EventDate "2017.06.03"]

1. d4 {[%clk 1:30:39]} 1... d5 {[%clk 1:30:42]} 2. c4 {[%clk 1:30:52]} 2... e6
{[%clk 1:30:51]} 3. Nc3 {[%clk 1:30:34]} 3... c6 {[%clk 1:31:07]} 4. e3 { [%clk
1:30:20]} 4... f5 {[%clk 1:31:18]} 5. Bd3 {[%clk 1:28:02]} 5... Nf6 { [%clk
1:30:08]} 6. Nge2 {[%clk 1:25:01]} 6... Bd6 {[%clk 1:28:50]} 7. f3 { [%clk
1:10:50]} 7... O-O {[%clk 1:22:53]} 8. O-O {[%clk 1:08:42]} 8... dxc4 { [%clk
1:07:36]} 9. Bxc4 {[%clk 1:06:44]} 9... b5 {[%clk 1:07:16]} 10. Bb3 { [%clk
1:01:44]} 10... b4 {[%clk 1:03:57]} 11. Na4 {[%clk 0:57:10]} 11... Qe7 { [%clk
0:56:31]} 12. Qc2 {[%clk 0:50:38]} 12... Kh8 {[%clk 0:30:44]} 13. e4 { [%clk
0:41:49]} 13... fxe4 {[%clk 0:25:33]} 14. fxe4 {[%clk 0:42:05]} 14... Bxh2+
{[%clk 0:24:17]} 15. Kxh2 {[%clk 0:40:53]} 15... Ng4+ {[%clk 0:23:45]} 16. Kg1
{[%clk 0:39:20]} 16... Rxf1+ {[%clk 0:22:56]} 17. Kxf1 {[%clk 0:39:47]} 17...
Qh4 {[%clk 0:22:05]} 18. g3 {[%clk 0:34:08]} 18... Qh1+ {[%clk 0:13:16]} 19.
Ng1 {[%clk 0:34:17]} 19... Nh2+ {[%clk 0:06:48]} 20. Kf2 {[%clk 0:33:34]} 20...
Ng4+ {[%clk 0:06:42]} 21. Kf1 {[%clk 0:32:51]} 21... Ba6+ {[%clk 0:06:16] } 22.
Bc4 {[%clk 0:32:57]} 22... Nd7 {[%clk 0:02:33]} 23. Bf4 {[%clk 0:20:04]} 23...
Rf8 {[%clk 0:02:54]} 24. Ke2 {[%clk 0:20:30]} 24... Rxf4 {[%clk 0:01:07]} 25.
gxf4 {[%clk 0:20:24]} 25... Qg2+ {[%clk 0:00:59]} 26. Kd3 {[%clk 0:19:20]}
26... Qg3+ {[%clk 0:01:03]} 27. Kd2 {[%clk 0:14:42]} 27... Qe3+ {[%clk 0:01:16]
} 28. Kd1 {[%clk 0:14:55]} 28... Qxg1+ {[%clk 0:00:44]} 29. Kd2 {[%clk 0:14:01]
} 29... Qe3+ {[%clk 0:00:55]} 0-1